[Event "Groningen op-A"]
[Site "Groningen"]
[Date "2008.12.27"]
[Round "6"]
[White "Rohit, Gogineni"]
[Black "Danielian, Elina"]
[Result "0-1"]
[WhiteElo "2457"]
[BlackElo "2513"]
[PlyCount "74"]
[EventDate "2008.12.21"]
[EventType "swiss"]
[EventRounds "9"]
[EventCountry "NED"]
[SourceTitle "CBM 127 Extra"]
[Source "ChessBase"]
[SourceDate "2009.01.08"]
[SourceVersion "2"]
[SourceVersionDate "2009.01.28"]
[SourceQuality "1"]

1. e4 e6 2. d4 d5 3. Nc3 Nf6 4. Bg5 Be7 5. e5 Nfd7 6. Bxe7 Qxe7 7. f4 0-0 8. Nf3 c5 9. Qd2 Nc6 10. dxc5 Qxc5 11. Bd3 f6 12. exf6 Nxf6 13. 0-0-0 Rb8 14. Rde1 b5 15. Ne5 a5 16. Nxc6 Qxc6 17. Ne2 b4 18. Nd4 Qb6 19. Rhf1 g6 20. Nf3 a4 21. Qe3 a3 22. Qxb6 axb2+ 23. Kxb2 Rxb6 24. Nd4 Kf7 25. Re3 Nd7 26. Rfe1 Nc5 27. h4 Ba6 28. g4 Bxd3 29. cxd3 Ra8 30. Ne2 b3 31. a3 Na4+ 32. Kb1 d4 33. Nxd4 b2 34. Ne2 Rb3 35. Ka2 Nc5 36. Kb1 Raxa3 37. Kc2 Nxd3 0-1

[Event "Groningen op-A"]
[Site "Groningen"]
[Date "2008.12.24"]
[Round "4"]
[White "Levin, Felix"]
[Black "Rohit, Gogineni"]
[Result "1/2-1/2"]
[WhiteElo "2536"]
[BlackElo "2457"]
[PlyCount "31"]
[EventDate "2008.12.21"]
[EventType "swiss"]
[EventRounds "9"]
[EventCountry "NED"]
[SourceTitle "CBM 127 Extra"]
[Source "ChessBase"]
[SourceDate "2009.01.08"]
[SourceVersion "2"]
[SourceVersionDate "2009.01.28"]
[SourceQuality "1"]

1. Nf3 Nf6 2. c4 e6 3. Nc3 Bb4 4. Qc2 0-0 5. a3 Bxc3 6. Qxc3 a5 7. b3 d6 8. Bb2 e5 9. e3 c5 10. Be2 Nc6 11. 0-0 Re8 12. d3 h6 13. Qc2 Bg4 14. h3 Bf5 15. Nd2 Nh7 16. Ne4 1/2-1/2

[Event "Groningen op-A"]
[Site "Groningen"]
[Date "2008.12.23"]
[Round "3"]
[White "Rohit, Gogineni"]
[Black "Reinderman, Dimitri"]
[Result "1/2-1/2"]
[WhiteElo "2457"]
[BlackElo "2543"]
[PlyCount "40"]
[EventDate "2008.12.21"]
[EventType "swiss"]
[EventRounds "9"]
[EventCountry "NED"]
[SourceTitle "CBM 127 Extra"]
[Source "ChessBase"]
[SourceDate "2009.01.08"]
[SourceVersion "2"]
[SourceVersionDate "2009.01.28"]
[SourceQuality "1"]

1. e4 c5 2. Nf3 Nc6 3. Bb5 g6 4. Bxc6 dxc6 5. d3 Bg7 6. h3 Nf6 7. Nc3 0-0 8. Bf4 Nh5 9. Be3 Qd6 10. Qd2 e5 11. 0-0-0 Be6 12. g4 Nf4 13. Bxf4 exf4 14. e5 Bxe5 15. Nxe5 Qxe5 16. Rhe1 Qc7 17. Ne4 f5 18. Nxc5 Bd5 19. Ne6 Bxe6 20. Rxe6 fxg4 1/2-1/2

[Event "Groningen op-A"]
[Site "Groningen"]
[Date "2008.12.21"]
[Round "1"]
[White "Rohit, Gogineni"]
[Black "Hirth, Ulrich"]
[Result "1-0"]
[WhiteElo "2457"]
[BlackElo "2163"]
[PlyCount "73"]
[EventDate "2008.12.21"]
[EventType "swiss"]
[EventRounds "9"]
[EventCountry "NED"]
[SourceTitle "CBM 127 Extra"]
[Source "ChessBase"]
[SourceDate "2009.01.08"]
[SourceVersion "2"]
[SourceVersionDate "2009.01.28"]
[SourceQuality "1"]

1. e4 c5 2. Nf3 Nc6 3. Bb5 Qc7 4. Nc3 Nf6 5. 0-0 e5 6. Re1 Nd4 7. Bc4 Be7 8. d3 0-0 9. Bg5 d6 10. Bxf6 Bxf6 11. Nd5 Qd8 12. c3 Nxf3+ 13. Qxf3 Be6 14. Rad1 a6 15. a4 b5 16. axb5 axb5 17. Nxf6+ Qxf6 18. Qxf6 gxf6 19. Bxb5 Rfb8 20. c4 Ra2 21. Rb1 Rba8 22. Kf1 Kf8 23. Ke2 Ke7 24. Kd2 Kd8 25. Re3 f5 26. Rg3 R8a3 27. Kc1 Rb3 28. Kc2 Rb4 29. Kc3 fxe4 30. dxe4 f5 31. f3 fxe4 32. fxe4 Bf7 33. Rg7 Rxb5 34. cxb5 Bg6 35. Rd1 Bxe4 36. Rxd6+ Kc8 37. Rf6 1-0

[Event "Budapest FS12 GM"]
[Site "Budapest"]
[Date "2008.12.12"]
[Round "7"]
[White "Rohit, Gogineni"]
[Black "Matsenko, Sergei"]
[Result "1/2-1/2"]
[WhiteElo "2457"]
[BlackElo "2447"]
[PlyCount "90"]
[EventDate "2008.12.06"]
[EventType "tourn"]
[EventRounds "13"]
[EventCountry "HUN"]
[EventCategory "8"]
[SourceTitle "CBM 127 Extra"]
[Source "ChessBase"]
[SourceDate "2009.01.08"]
[SourceVersion "2"]
[SourceVersionDate "2009.01.28"]
[SourceQuality "1"]

1. e4 c5 2. Nf3 e6 3. d4 cxd4 4. Nxd4 Nc6 5. Nc3 Qc7 6. Be3 a6 7. Qd2 Nf6 8. f3 b5 9. g4 h6 10. Nxc6 Qxc6 11. 0-0-0 Bb7 12. Bd3 b4 13. Ne2 Qc7 14. Kb1 d5 15. exd5 Nxd5 16. Nf4 Bc5 17. Bxc5 Qxc5 18. Be4 Rd8 19. Nd3 Qc4 20. Nxb4 0-0 21. Nxd5 Bxd5 22. b3 Qc7 23. Qe2 Bxe4 24. Qxe4 Rxd1+ 25. Rxd1 Qxh2 26. Rd7 h5 27. gxh5 Qxh5 28. a4 Rc8 29. Ra7 Qa5 30. Ra8 Rxa8 31. Qxa8+ Kh7 32. Qe4+ g6 33. Kb2 Kg7 34. Qc6 Kf6 35. c3 Qd5 36. Qxd5 exd5 37. b4 Ke5 38. Kc2 g5 39. Kd3 f5 40. Ke3 Ke6 41. Kd4 Kd6 42. a5 f4 43. Kd3 Kc6 44. Ke2 Kb5 45. Kd3 Kc6 1/2-1/2

[Event "New Delhi m U20"]
[Site "New Delhi"]
[Date "2008.11.30"]
[Round "1"]
[White "Grigoryan, Avetik"]
[Black "Rohit, Gogineni"]
[Result "1-0"]
[WhiteElo "2513"]
[BlackElo "2457"]
[PlyCount "75"]
[EventDate "2008.11.30"]
[EventType "team-match"]
[EventRounds "3"]
[EventCountry "IND"]
[SourceTitle "CBM 127 Extra"]
[Source "ChessBase"]
[SourceDate "2009.01.08"]
[SourceVersion "2"]
[SourceVersionDate "2009.01.28"]
[SourceQuality "1"]

1. d4 Nf6 2. c4 e6 3. Nf3 b6 4. g3 Ba6 5. Qc2 c5 6. d5 Bb7 7. Bg2 exd5 8. cxd5 Nxd5 9. 0-0 Be7 10. Rd1 Nc7 11. Nc3 Ne6 12. b3 Qc8 13. Bb2 0-0 14. Nd5 Bd8 15. Rd2 Nc6 16. Rad1 d6 17. Ne3 Be7 18. Nf5 Rd8 19. Bh3 Qc7 20. Qc4 Ne5 21. Bxe5 dxe5 22. Nh6+ gxh6 23. Bxe6 Bxf3 24. Bxf7+ Kg7 25. exf3 Rxd2 26. Rxd2 Bg5 27. Bd5 Bxd2 28. Qg4+ Bg5 29. Bxa8 Qd8 30. Be4 Kh8 31. Qf5 Qe7 32. Qc8+ Kg7 33. Bd5 Qd8 34. Qb7+ Qe7 35. Qb8 Kf6 36. Kg2 Bc1 37. h4 Bb2 38. Qg8 1-0

[Event "Commonwealth-ch"]
[Site "Nagpur"]
[Date "2008.10.03"]
[Round "8"]
[White "Rohit, Gogineni"]
[Black "Soumya, Swaminathan"]
[Result "1-0"]
[WhiteElo "2457"]
[BlackElo "2293"]
[PlyCount "55"]
[EventDate "2008.09.28"]
[EventType "swiss"]
[EventRounds "11"]
[EventCountry "IND"]
[SourceTitle "CBM 126 Extra"]
[Source "ChessBase"]
[SourceDate "2008.11.05"]
[SourceVersion "1"]
[SourceVersionDate "2008.11.05"]
[SourceQuality "1"]

1. e4 c5 2. Nf3 d6 3. d4 cxd4 4. Nxd4 Nf6 5. Nc3 e6 6. g4 h6 7. h4 Nc6 8. Rg1 h5 9. gxh5 Nxh5 10. Bg5 Qb6 11. Nb3 a6 12. Be2 Nf6 13. h5 Qc7 14. h6 Nd7 15. hxg7 Bxg7 16. Qd2 Bf8 17. 0-0-0 b5 18. a3 Nce5 19. Nd4 Nb6 20. Ndxb5 axb5 21. Nxb5 Qc6 22. Nxd6+ Bxd6 23. Qxd6 Qxd6 24. Rxd6 Ned7 25. Bb5 Kf8 26. Bd8 Rb8 27. a4 Rh5 28. b3 1-0

[Event "Commonwealth-ch"]
[Site "Nagpur"]
[Date "2008.09.30"]
[Round "4"]
[White "Rohit, Gogineni"]
[Black "Joshi, GB."]
[Result "1/2-1/2"]
[WhiteElo "2457"]
[BlackElo "2303"]
[PlyCount "76"]
[EventDate "2008.09.28"]
[EventType "swiss"]
[EventRounds "11"]
[EventCountry "IND"]
[SourceTitle "CBM 126 Extra"]
[Source "ChessBase"]
[SourceDate "2008.11.05"]
[SourceVersion "1"]
[SourceVersionDate "2008.11.05"]
[SourceQuality "1"]

1. e4 e5 2. Nf3 Nc6 3. Bb5 a6 4. Ba4 Nf6 5. 0-0 Be7 6. Re1 b5 7. Bb3 0-0 8. h3 Bb7 9. d3 d6 10. a3 Nd7 11. Nc3 Nc5 12. Ba2 Ne6 13. Nd5 Kh8 14. c3 Nb8 15. d4 Nd7 16. Be3 c6 17. Nxe7 Qxe7 18. Qd2 Rad8 19. Rad1 Nf6 20. Qc2 c5 21. d5 Nc7 22. Nh4 Bc8 23. Nf5 Bxf5 24. exf5 h6 25. c4 Qd7 26. a4 Rb8 27. g4 Rb7 28. Qc1 Nh7 29. cxb5 axb5 30. b4 Na6 31. axb5 Nxb4 32. Bc4 Rxb5 33. Bxb5 Qxb5 34. Qd2 Qb7 35. Kh2 Re8 36. Rg1 f6 37. Rge1 Ng5 38. Bxg5 hxg5 1/2-1/2

[Event "Asia-chT 15th"]
[Site "Vishakapatnam"]
[Date "2008.01.03"]
[Round "1"]
[White "Rohit, Gogineni"]
[Black "Kunte, Abhijit"]
[Result "1/2-1/2"]
[WhiteElo "2465"]
[BlackElo "2550"]
[PlyCount "40"]
[EventDate "2008.01.03"]
[EventType "team-tourn"]
[EventRounds "7"]
[EventCountry "IND"]
[SourceTitle "EXT 2020"]
[Source "ChessBase"]
[SourceDate "2019.10.17"]
[SourceVersion "1"]
[SourceVersionDate "2019.10.17"]
[SourceQuality "1"]
[WhiteTeam "India II"]
[BlackTeam "India"]
[WhiteTeamCountry "IND"]
[BlackTeamCountry "IND"]

1. e4 c5 2. Nf3 e6 3. d4 cxd4 4. Nxd4 Nc6 5. Nc3 d6 6. Be3 Nf6 7. f4 e5 8. Nf3 Ng4 9. Qd2 Nxe3 10. Qxe3 exf4 11. Qxf4 Be7 12. 0-0-0 Be6 13. Kb1 0-0 14. Nd5 Rc8 15. g4 Bxd5 16. exd5 Ne5 17. Nxe5 dxe5 18. Qe4 Qb6 19. Bd3 g6 20. Rhf1 Qd6 1/2-1/2

[Event "Commonwealth-ch"]
[Site "New Delhi"]
[Date "2007.12.10"]
[Round "10"]
[White "Prathamesh, Sunil Mokal"]
[Black "Rohit, Gogineni"]
[Result "1/2-1/2"]
[WhiteElo "2371"]
[BlackElo "2491"]
[PlyCount "41"]
[EventDate "2007.12.03"]
[EventType "swiss"]
[EventRounds "10"]
[EventCountry "IND"]
[SourceTitle "CBM 121 Extra"]
[Source "ChessBase"]
[SourceDate "2008.01.10"]
[SourceVersion "1"]
[SourceVersionDate "2008.01.10"]
[SourceQuality "1"]

1. e4 c5 2. Nf3 e6 3. d4 cxd4 4. Nxd4 Nc6 5. Nc3 Qc7 6. g3 a6 7. Bg2 Nge7 8. Nb3 d6 9. a4 g6 10. Be3 Bg7 11. a5 Ne5 12. Bb6 Qb8 13. Qe2 Nd7 14. Be3 0-0 15. 0-0 Qc7 16. Na4 Rb8 17. c3 Nc6 18. Nb6 Nxa5 19. Nxd7 Nxb3 20. Nxf8 Nxa1 21. Nxe6 1/2-1/2

[Event "Commonwealth-ch"]
[Site "New Delhi"]
[Date "2007.12.09"]
[Round "9"]
[White "Rohit, Gogineni"]
[Black "Shetty, Rahul"]
[Result "1-0"]
[WhiteElo "2491"]
[BlackElo "2320"]
[PlyCount "93"]
[EventDate "2007.12.03"]
[EventType "swiss"]
[EventRounds "10"]
[EventCountry "IND"]
[SourceTitle "CBM 121 Extra"]
[Source "ChessBase"]
[SourceDate "2008.01.10"]
[SourceVersion "1"]
[SourceVersionDate "2008.01.10"]
[SourceQuality "1"]

1. e4 e5 2. Nf3 Nc6 3. Bb5 a6 4. Ba4 Nf6 5. 0-0 Be7 6. Bxc6 dxc6 7. Qe1 Nd7 8. d3 0-0 9. Nbd2 Bd6 10. Nc4 Re8 11. b3 Nf8 12. Bb2 Ng6 13. Qe3 f6 14. Rad1 c5 15. c3 Qe7 16. Rfe1 Qf7 17. d4 cxd4 18. cxd4 exd4 19. Qxd4 Bb4 20. Bc3 Bxc3 21. Qxc3 Be6 22. Na5 b6 23. Nc6 a5 24. Nfd4 Bc8 25. Rc1 Bb7 26. Nf5 Kh8 27. f3 Nf4 28. Ncd4 Rac8 29. Qd2 Ne6 30. Nxe6 Qxe6 31. Red1 g6 32. Nd4 Qe7 33. Qc3 c5 34. Nb5 Rcd8 35. Na3 Rxd1+ 36. Rxd1 Rd8 37. Rxd8+ Qxd8 38. Nc4 Kg8 39. Kf2 Bc8 40. e5 f5 41. g3 Be6 42. Ke3 Qc7 43. Qd3 Kf7 44. Nd6+ Ke7 45. Qb5 Bd7 46. Qc4 Be6 47. Qh4+ 1-0

[Event "Commonwealth-ch"]
[Site "New Delhi"]
[Date "2007.12.08"]
[Round "8"]
[White "Abhishek, Das"]
[Black "Rohit, Gogineni"]
[Result "1-0"]
[WhiteElo "2383"]
[BlackElo "2491"]
[PlyCount "59"]
[EventDate "2007.12.03"]
[EventType "swiss"]
[EventRounds "10"]
[EventCountry "IND"]
[SourceTitle "CBM 121 Extra"]
[Source "ChessBase"]
[SourceDate "2008.01.10"]
[SourceVersion "1"]
[SourceVersionDate "2008.01.10"]
[SourceQuality "1"]

1. e4 c5 2. c3 Nf6 3. e5 Nd5 4. d4 cxd4 5. Nf3 e6 6. cxd4 d6 7. Bc4 Nb6 8. Bd3 Nc6 9. 0-0 Be7 10. Nc3 0-0 11. Qe2 Nd5 12. Rd1 Nxc3 13. bxc3 dxe5 14. dxe5 Qc7 15. h4 Rd8 16. Bg5 Bd7 17. Qe4 Bxg5 18. Qxh7+ Kf8 19. hxg5 Nxe5 20. Nd4 Ke7 21. Qxg7 Ng4 22. g3 Rg8 23. Nf5+ exf5 24. Re1+ Be6 25. Rxe6+ Kxe6 26. Re1+ Kd6 27. Qd4+ Kc6 28. Bxf5 Qa5 29. Qc4+ Kd6 30. Rd1+ 1-0

[Event "Commonwealth-ch"]
[Site "New Delhi"]
[Date "2007.12.04"]
[Round "3"]
[White "Rohit, Gogineni"]
[Black "Praveen Kumar, Chandrasekar"]
[Result "1-0"]
[WhiteElo "2491"]
[BlackElo "2279"]
[PlyCount "45"]
[EventDate "2007.12.03"]
[EventType "swiss"]
[EventRounds "10"]
[EventCountry "IND"]
[SourceTitle "CBM 121 Extra"]
[Source "ChessBase"]
[SourceDate "2008.01.10"]
[SourceVersion "1"]
[SourceVersionDate "2008.01.10"]
[SourceQuality "1"]

1. e4 e6 2. d4 d5 3. Nc3 Bb4 4. e5 c5 5. a3 Bxc3+ 6. bxc3 Ne7 7. h4 Qa5 8. Bd2 Nbc6 9. Nf3 cxd4 10. cxd4 Qa4 11. h5 Nxd4 12. Bd3 Nxf3+ 13. Qxf3 Nc6 14. h6 Qd4 15. 0-0 gxh6 16. Qf6 Qxe5 17. Qxh6 Rf8 18. Bg5 f6 19. Bf4 Qc3 20. Qxh7 e5 21. Bg6+ Kd8 22. Bh6 Qc5 23. Qg7 1-0

[Event "Wch U18"]
[Site "Kemer"]
[Date "2007.11.22"]
[Round "6"]
[White "Rohit, Gogineni"]
[Black "Zaslavsky, Michael"]
[Result "1/2-1/2"]
[WhiteElo "2491"]
[BlackElo "2241"]
[PlyCount "105"]
[EventDate "2007.11.18"]
[EventType "swiss"]
[EventRounds "11"]
[EventCountry "TUR"]
[SourceTitle "CBM 121 Extra"]
[Source "ChessBase"]
[SourceDate "2008.01.10"]
[SourceVersion "1"]
[SourceVersionDate "2008.01.10"]
[SourceQuality "1"]

1. e4 c5 2. Nf3 Nc6 3. Bb5 g6 4. Bxc6 dxc6 5. d3 Bg7 6. h3 Nf6 7. Nc3 Nd7 8. Be3 e5 9. Qd2 h6 10. Nh2 Qe7 11. 0-0-0 Nf8 12. f4 exf4 13. Bxf4 Ne6 14. Bg3 Nd4 15. Rde1 Be6 16. Kb1 0-0 17. e5 c4 18. Ng4 cxd3 19. cxd3 Rfd8 20. Nf6+ Bxf6 21. exf6 Qf8 22. Bf4 Kh7 23. Rhf1 Rd6 24. Re4 Rad8 25. Qf2 Nf5 26. g4 Nd4 27. Ree1 Nb5 28. Ne4 Rxd3 29. Qh4 R8d5 30. Ng5+ Kg8 31. Rxe6 hxg5 32. Bxg5 Rd1+ 33. Rxd1 Rxd1+ 34. Kc2 Qd8 35. Re8+ Qxe8 36. Kxd1 Nd4 37. Qf2 Qe4 38. Bc1 Qd3+ 39. Qd2 Qf1+ 40. Qe1 Qf3+ 41. Kd2 Qxf6 42. Qe8+ Kg7 43. Qe4 c5 44. Kc3 b6 45. Be3 Nc6+ 46. Kb3 Qf1 47. a3 Na5+ 48. Ka2 Qxh3 49. Qe5+ Kh7 50. Qf4 Kg8 51. Qb8+ Kg7 52. Qe5+ Kh7 53. Qf4 1/2-1/2

[Event "Wch U20 46th"]
[Site "Yerevan"]
[Date "2007.10.12"]
[Round "9"]
[White "Stellwagen, Daniel"]
[Black "Rohit, Gogineni"]
[Result "1/2-1/2"]
[WhiteElo "2639"]
[BlackElo "2491"]
[PlyCount "58"]
[EventDate "2007.10.03"]
[EventType "swiss"]
[EventRounds "13"]
[EventCountry "ARM"]
[SourceTitle "CBM 120 Extra"]
[Source "ChessBase"]
[SourceDate "2007.11.01"]
[SourceVersion "1"]
[SourceVersionDate "2007.11.01"]
[SourceQuality "1"]

1. e4 e5 2. Nf3 Nc6 3. Bb5 a6 4. Ba4 Nf6 5. 0-0 Bc5 6. c3 b5 7. Bb3 d6 8. a4 Bg4 9. h3 Bxf3 10. Qxf3 Na5 11. Bd1 b4 12. d3 0-0 13. Nd2 Rb8 14. Rb1 h6 15. Nb3 Nxb3 16. Bxb3 c6 17. Kh1 bxc3 18. bxc3 d5 19. Ba2 Rxb1 20. Bxb1 Qe7 21. Qe2 a5 22. Re1 Rb8 23. Bc2 d4 24. cxd4 Bxd4 25. Rf1 Qc5 26. g3 Bb2 27. Be3 Bd4 28. Bc1 Bb2 29. Be3 Bd4 1/2-1/2

[Event "Wch U20 46th"]
[Site "Yerevan"]
[Date "2007.10.09"]
[Round "7"]
[White "Rohit, Gogineni"]
[Black "Benidze, Davit"]
[Result "1-0"]
[WhiteElo "2491"]
[BlackElo "2365"]
[PlyCount "87"]
[EventDate "2007.10.03"]
[EventType "swiss"]
[EventRounds "13"]
[EventCountry "ARM"]
[SourceTitle "CBM 120 Extra"]
[Source "ChessBase"]
[SourceDate "2007.11.01"]
[SourceVersion "1"]
[SourceVersionDate "2007.11.01"]
[SourceQuality "1"]

1. e4 c6 2. d4 d5 3. Nc3 dxe4 4. Nxe4 Nd7 5. Bd3 Ngf6 6. Ng5 e6 7. Qe2 Bd6 8. N1f3 h6 9. Ne4 Nxe4 10. Qxe4 Nf6 11. Qe2 Qc7 12. Bd2 b6 13. 0-0-0 Bb7 14. Rhe1 0-0-0 15. Ba6 Bxa6 16. Qxa6+ Kb8 17. Kb1 Rhe8 18. Qe2 Nd7 19. c4 Qb7 20. Bc3 b5 21. d5 cxd5 22. cxd5 Nf6 23. dxe6 Rxe6 24. Qc2 Rxe1 25. Rxe1 b4 26. Bxf6 gxf6 27. Qf5 b3 28. Qxf6 Bc7 29. Nd4 bxa2+ 30. Ka1 Rc8 31. Qxf7 Bb6 32. Qf4+ Qc7 33. Nc6+ Ka8 34. Ne5 Qb7 35. f3 Ba5 36. Rd1 Bc7 37. Qf5 Bxe5 38. Qxe5 Qb3 39. Qd5+ Qxd5 40. Rxd5 Rc2 41. Rd8+ Kb7 42. Rg8 h5 43. h4 Rf2 44. Rg5 1-0

[Event "Wch U20 46th"]
[Site "Yerevan"]
[Date "2007.10.08"]
[Round "6"]
[White "Mamikonian, Tigran"]
[Black "Rohit, Gogineni"]
[Result "0-1"]
[WhiteElo "2257"]
[BlackElo "2491"]
[PlyCount "176"]
[EventDate "2007.10.03"]
[EventType "swiss"]
[EventRounds "13"]
[EventCountry "ARM"]
[SourceTitle "CBM 120 Extra"]
[Source "ChessBase"]
[SourceDate "2007.11.01"]
[SourceVersion "1"]
[SourceVersionDate "2007.11.01"]
[SourceQuality "1"]

1. e4 c5 2. Nf3 d6 3. d4 cxd4 4. Nxd4 Nf6 5. Nc3 a6 6. Bc4 e6 7. 0-0 b5 8. Bb3 Be7 9. Qf3 Qb6 10. Be3 Qb7 11. a3 0-0 12. g4 Nc6 13. g5 Nd7 14. Qh5 g6 15. Qh6 Nde5 16. Nxc6 Qxc6 17. f3 Re8 18. Rad1 Bb7 19. Bd4 Bf8 20. Qh4 Qc7 21. Qg3 Rac8 22. Rf2 Nc4 23. Ne2 e5 24. Bc3 d5 25. exd5 Bc5 26. Bb4 Bxf2+ 27. Qxf2 Nd6 28. Ng3 a5 29. Bxd6 Qxd6 30. Ne4 Qd8 31. Nf6+ Kh8 32. d6 Rf8 33. Qe3 a4 34. Bd5 Qxd6 35. c3 Rfd8 36. Kg2 Qc7 37. Bxb7 Qxb7 38. Rxd8+ Rxd8 39. Qxe5 Qb8 40. Qe3 Qd6 41. Ne4 Qe5 42. Qb6 Rd1 43. Qe3 Kg7 44. h4 Kf8 45. Qb6 Kg7 46. Qe3 Rd5 47. Kh3 Rd8 48. Kg2 Rh8 49. Qd3 Re8 50. Qd7 Re7 51. Qd8 Re8 52. Qd7 Kf8 53. Kg1 Qf4 54. Kg2 Re5 55. Qd8+ Kg7 56. Qd4 h6 57. Qd8 hxg5 58. hxg5 Re6 59. Qd4+ Qe5 60. Qd8 Re8 61. Qd3 Kg8 62. Qd7 Re7 63. Qd8+ Kg7 64. Qd1 Qf4 65. Qd4+ Re5 66. Qd8 Rxe4 67. fxe4 Qxe4+ 68. Kg3 Qe3+ 69. Kg4 Qe2+ 70. Kf4 Qf2+ 71. Ke4 Qe2+ 72. Kf4 Qxb2 73. Qd4+ Kg8 74. Qc5 Qe2 75. Kg3 Qf1 76. Kg4 Kh7 77. Kg3 Qf5 78. Qe3 Kg8 79. Kh4 Qe6 80. Qd2 Qc4+ 81. Kg3 Kg7 82. Qe3 Qd5 83. Kf2 Kf8 84. Qc1 Qd3 85. Kg2 Ke7 86. Qe1+ Kd6 87. Qe8 Qd5+ 88. Kf2 Qf5+ 0-1

[Event "Wch U20 46th"]
[Site "Yerevan"]
[Date "2007.10.06"]
[Round "4"]
[White "Khamrakulov, Djurabek"]
[Black "Rohit, Gogineni"]
[Result "1-0"]
[WhiteElo "2359"]
[BlackElo "2491"]
[PlyCount "57"]
[EventDate "2007.10.03"]
[EventType "swiss"]
[EventRounds "13"]
[EventCountry "ARM"]
[SourceTitle "CBM 120 Extra"]
[Source "ChessBase"]
[SourceDate "2007.11.01"]
[SourceVersion "1"]
[SourceVersionDate "2007.11.01"]
[SourceQuality "1"]

1. e4 c5 2. c3 d5 3. exd5 Qxd5 4. d4 Nf6 5. Nf3 e6 6. Be3 cxd4 7. cxd4 Bb4+ 8. Nbd2 Nc6 9. a3 Be7 10. Bc4 Qd8 11. Rc1 0-0 12. 0-0 Bd7 13. b4 Rc8 14. Nb3 Nd5 15. Nc5 Nxe3 16. fxe3 Rc7 17. e4 Bc8 18. d5 Nb8 19. Qd4 b6 20. Nd3 exd5 21. Bxd5 Bf6 22. e5 Be7 23. Rxc7 Qxc7 24. Rc1 Qd8 25. Nf4 Kh8 26. Bxf7 g5 27. Nd5 Rxf7 28. e6+ Rg7 29. Nxe7 1-0

[Event "Wch U20 46th"]
[Site "Yerevan"]
[Date "2007.10.03"]
[Round "1"]
[White "Rohit, Gogineni"]
[Black "Momeni, Ebrahim"]
[Result "1-0"]
[WhiteElo "2491"]
[BlackElo "2249"]
[PlyCount "79"]
[EventDate "2007.10.03"]
[EventType "swiss"]
[EventRounds "13"]
[EventCountry "ARM"]
[SourceTitle "CBM 120 Extra"]
[Source "ChessBase"]
[SourceDate "2007.11.01"]
[SourceVersion "1"]
[SourceVersionDate "2007.11.01"]
[SourceQuality "1"]

1. e4 c5 2. Nf3 d6 3. Bc4 Nf6 4. d3 Nc6 5. 0-0 Bg4 6. c3 e6 7. h3 Bxf3 8. Qxf3 a6 9. Bb3 g6 10. Bg5 Be7 11. Nd2 0-0 12. Nc4 b5 13. Ne3 Re8 14. Rad1 Ne5 15. Qe2 Nh5 16. Bxe7 Qxe7 17. g3 Qg5 18. Kh2 Rad8 19. d4 Nd7 20. a4 c4 21. Bc2 f5 22. h4 Qh6 23. f4 e5 24. dxe5 dxe5 25. Ng2 exf4 26. Nxf4 Nhf6 27. Rd6 g5 28. Nd5 gxh4 29. Rxf5 hxg3+ 30. Kg1 Qh2+ 31. Qxh2 gxh2+ 32. Kxh2 Ng4+ 33. Kg3 Nde5 34. Rxa6 bxa4 35. Bd1 Rxd5 36. exd5 Ne3 37. Rg5+ Kh8 38. Bh5 Rg8 39. Rxg8+ Kxg8 40. Kf4 1-0

[Event "Dhaka zt 3.2"]
[Site "Dhaka"]
[Date "2007.08.26"]
[Round "6"]
[White "Suvrajit, Saha"]
[Black "Rohit, Gogineni"]
[Result "0-1"]
[WhiteElo "2405"]
[BlackElo "2470"]
[PlyCount "126"]
[EventDate "2007.08.23"]
[EventType "tourn"]
[EventRounds "11"]
[EventCountry "BAN"]
[EventCategory "7"]
[SourceTitle "CBM 120 Extra"]
[Source "ChessBase"]
[SourceDate "2007.11.01"]
[SourceVersion "1"]
[SourceVersionDate "2007.11.01"]
[SourceQuality "1"]

1. d4 Nf6 2. Nf3 e6 3. c3 c5 4. e3 d5 5. Nbd2 Bd6 6. Bd3 Nbd7 7. 0-0 0-0 8. h3 Qc7 9. Re1 b6 10. Qe2 e5 11. dxe5 Nxe5 12. Nxe5 Bxe5 13. e4 Re8 14. Qf1 Bb7 15. exd5 Nxd5 16. Nf3 Bf6 17. Bb5 Red8 18. Ba6 Bxa6 19. Qxa6 Qc6 20. Qc4 b5 21. Qg4 Qd7 22. Qxd7 Rxd7 23. Bg5 Bxg5 24. Nxg5 Nf4 25. a4 Nd3 26. Re2 bxa4 27. Rxa4 h6 28. Ne4 Rb8 29. Ra5 c4 30. Nc5 Rd5 31. b4 cxb3 32. Nxb3 Nf4 33. Rd2 Rxa5 34. Nxa5 Rb5 35. Nc6 Rg5 36. g3 Rc5 37. gxf4 Rxc6 38. Rd8+ Kh7 39. Rd7 a5 40. Rxf7 Ra6 41. Re7 Kg6 42. Kg2 a4 43. Re2 a3 44. Ra2 Kf5 45. Kf3 Ke6 46. Ke3 Kd5 47. Kd3 Ra4 48. f5 h5 49. h4 Kc5 50. Kc2 Kc4 51. Ra1 Ra5 52. Ra2 Ra7 53. Ra1 a2 54. Kb2 Ra5 55. f3 Ra8 56. Kc2 Re8 57. Kb2 Re2+ 58. Ka3 Kxc3 59. Rg1 Kd4 60. Kb3 Ke3 61. Kc3 Kxf3 62. Rd1 Kf4 63. Rd4+ Re4 0-1

[Event "Dhaka zt 3.2"]
[Site "Dhaka"]
[Date "2007.08.24"]
[Round "2"]
[White "Deepan Chakkravarthy, J."]
[Black "Rohit, Gogineni"]
[Result "1/2-1/2"]
[WhiteElo "2479"]
[BlackElo "2470"]
[PlyCount "64"]
[EventDate "2007.08.23"]
[EventType "tourn"]
[EventRounds "11"]
[EventCountry "BAN"]
[EventCategory "7"]
[SourceTitle "CBM 120 Extra"]
[Source "ChessBase"]
[SourceDate "2007.11.01"]
[SourceVersion "1"]
[SourceVersionDate "2007.11.01"]
[SourceQuality "1"]

1. d4 Nf6 2. c4 e6 3. Nf3 b6 4. g3 Ba6 5. b3 Bb4+ 6. Bd2 Be7 7. Bg2 c6 8. Bc3 d5 9. Ne5 Nfd7 10. Nxd7 Nxd7 11. Nd2 0-0 12. 0-0 Rc8 13. e4 c5 14. exd5 exd5 15. dxc5 dxc4 16. c6 cxb3 17. Re1 b2 18. Bxb2 Nc5 19. Nc4 Bxc4 20. Qg4 Bg5 21. Qxc4 Nd3 22. Be5 Nxe1 23. Rxe1 Bf6 24. Bxf6 Qxf6 25. c7 Qd6 26. Rc1 b5 27. Qc2 g6 28. Bb7 Rfe8 29. h4 h5 30. Kf1 b4 31. Qc6 Qxc6 32. Rxc6 Kf8 1/2-1/2